Masculí, femení : adaptació escènica de la pel·lícula homònima de Jean-Luc Godard (1966) adaptació escènica de la pel·lícula homònima de Jean-Luc Godard (1966)
Descripción Física:
1 targeta postal ; il. col. ; 10 x 15 cm.
Colección:
Teatre - Factoria IT 17/18
Idioma:
Catalán
MARC
| LEADER | 00000nkm a22000007a 4500 | ||
|---|---|---|---|
| 001 | 27253 | ||
| 003 | Arxiu | ||
| 005 | 20260324181150.0 | ||
| 008 | 230110b spa||||| |||| 00| 0 cat d | ||
| 017 | |a B 2319-2018 | ||
| 040 | |a agdb |b cat | ||
| 245 | |a Masculí, femení : |b adaptació escènica de la pel·lícula homònima de Jean-Luc Godard (1966) | ||
| 260 | |a Barcelona : |b Institut del Teatre ; |c 2018 | ||
| 300 | |a 1 targeta postal ; |b il. col. ; |c 10 x 15 cm. | ||
| 490 | |a Teatre - Factoria IT 17/18 | ||
| 500 | |a Postal promocional de l'espectacle teatral "Masculí, femení", representat els dies 1, 2, 3 i 4 de febrer de 2018 al teatre Plató de l'Institut del Teatre. | ||
| 650 | 0 | |9 21513 |a Teatre |x Barcelona (Catalunya) | |
| 655 | 0 | |9 52685 |a Targetes postals | |
| 710 | 1 | |9 52662 |a Institut del Teatre (Barcelona, Catalunya) | |
| 942 | |2 udc |c ARXIU |n 1 | ||
| 952 | |0 0 |1 0 |2 udc |4 0 |6 NBM16173 |7 1 |9 65011 |a Arxiu |b Arxiu |d 2023-01-10 |l 0 |o NBM-16-173 |p 27253 |r 2023-01-10 00:00:00 |w 2023-01-10 |y ARXIU | ||
| 999 | |c 82953 |d 82953 | ||